Most Populated City in Each County in Indiana - Statistics

General Stats
  • This quiz has been taken 34 times
  • The average score is 41 of 92
Answer Stats
County City Pop. City % Correct
St. Joseph 103,353 South Bend
100%
Allen 265,974 Fort Wayne
96%
Lake 76,984 Hammond
91%
Marion 882,039 Indianapolis
91%
Vanderburgh 116,486 Evansville
87%
Monroe 79,968 Bloomington
83%
Elkhart 53,949 Elkhart
83%
Tippecanoe 70,835 Lafayette
83%
Vigo 58,525 Terre Haute
83%
Delaware 65,292 Muncie
78%
Madison 54,817 Anderson
74%
Hamilton 100,777 Carmel
70%
Howard 59,691 Kokomo
70%
LaPorte 32,033 Michigan City
65%
Huntington 17,015 Huntington
61%
Wabash 10,349 Wabash
61%
Bartholomew 50,569 Columbus
57%
Johnson 64,918 Greenwood
57%
Clark 50,315 Jeffersonville
57%
LaGrange 2,780 LaGrange
57%
Wayne 35,817 Richmond
57%
Daviess 12,040 Washington
57%
Dubois 16,713 Jasper
52%
Jefferson 12,266 Madison
52%
Steuben 8,999 Angola
48%
Hancock 24,009 Greenfield
48%
Grant 28,177 Marion
48%
Floyd 37,411 New Albany
48%
Porter 38,192 Portage
48%
Knox 16,631 Vincennes
48%
Kosciusko 15,865 Warsaw
48%
Harrison 3,102 Corydon
43%
Montgomery 16,385 Crawfordsville
43%
Clinton 16,651 Frankfort
43%
Cass 18,310 Logansport
43%
Brown 1,266 Nashville
43%
Henry 17,424 New Castle
43%
Hendricks 35,592 Plainfield
43%
Rush 6,187 Rushville
43%
Spencer 2,579 Santa Claus
43%
Jackson 21,489 Seymour
43%
Shelby 20,048 Shelbyville
43%
Tipton 5,271 Tipton
43%
Boone 31,702 Zionsville
43%
Lawrence 13,794 Bedford
39%
Clay 8,154 Brazil
39%
Whitley 9,990 Columbia City
39%
Fayette 13,310 Connersville
39%
Putnam 9,983 Greencastle
39%
Decatur 12,193 Greensburg
39%
Morgan 11,882 Martinsville
39%
Orange 3,625 Paoli
39%
Sullivan 4,252 Sullivan
39%
Perry 7,552 Tell City
39%
DeKalb 13,593 Auburn
35%
Wells 10,318 Bluffton
35%
Warrick 6,627 Boonville
35%
Adams 9,918 Decatur
35%
Starke 3,585 Knox
35%
Posey 6,426 Mount Vernon
35%
Jennings 6,509 North Vernon
35%
Miami 11,106 Peru
35%
Marshall 10,384 Plymouth
35%
Jasper 6,130 Rensselaer
35%
Ohio 2,246 Rising Sun
35%
Washington 6,267 Salem
35%
Scott 7,267 Scottsburg
35%
Ripley 7,236 Batesville
30%
Benton 2,328 Fowler
30%
Blackford 6,067 Hartford City
30%
Dearborn 5,122 Lawrenceburg
30%
Crawford 829 Marengo
30%
Gibson 8,315 Princeton
30%
Owen 2,426 Spencer
30%
Switzerland 1,696 Vevay
30%
Carroll 2,972 Delphi
26%
Newton 1,620 Kentland
26%
White 5,536 Monticello
26%
Pulaski 2,288 Winamac
26%
Vermillion 4,782 Clinton
22%
Noble 10,205 Kendallville
22%
Greene 5,147 Linton
22%
Pike 2,275 Petersburg
22%
Jay 6,228 Portland
22%
Fulton 6,258 Rochester
22%
Randolph 4,834 Winchester
22%
Franklin 2,625 Brookville
17%
Union 1,995 Liberty
17%
Martin 2,599 Loogootee
17%
Parke 2,469 Rockville
17%
Warren 1,949 Williamsport
17%
Fountain 3,100 Attica
13%
No matching quizzes found
Score Distribution
Percent of People with Each Score
Percentile by Number Answered
Your Score History
You have not taken this quiz